UBT Library

Criminalistics : (Record no. 39439)

000 -LEADER
fixed length control field 00733cam a22002414a 4500
001 - CONTROL NUMBER
control field 13075732
005 - DATE AND TIME OF LATEST TRANSACTION
control field 20171227033827.0
008 - FIXED-LENGTH DATA ELEMENTS--GENERAL INFORMATION
fixed length control field 030131s2004 njua b 001 0 eng
010 ## - LIBRARY OF CONGRESS CONTROL NUMBER
LC control number 2003042552
020 ## - INTERNATIONAL STANDARD BOOK NUMBER
International Standard Book Number 0131118528
040 ## - CATALOGING SOURCE
Original cataloging agency DLC
Transcribing agency DLC
Modifying agency DLC
041 ## - LANGUAGE CODE
Language code of text/sound track or separate title eng
042 ## - AUTHENTICATION CODE
Authentication code pcc
080 ## - UNIVERSAL DECIMAL CLASSIFICATION NUMBER
Universal Decimal Classification number 363.25
082 00 - DEWEY DECIMAL CLASSIFICATION NUMBER
Classification number 363.25 SAF
Edition number 21
100 1# - Rafti
Rafti 13
101 ## - Shkurtesa
Shkurtesa SHJ
245 10 - TITLE STATEMENT
Title Criminalistics :
Statement of responsibility, etc Richard Saferstein.
504 ## - BIBLIOGRAPHY, ETC. NOTE
Bibliography, etc Includes bibliographical references and index.
906 ## - LOCAL DATA ELEMENT F, LDF (RLIN)
a 7
b cbc
c orignew
d 1
e ocip
f 20
g y-gencatlg
942 ## - ADDED ENTRY ELEMENTS (KOHA)
Source of classification or shelving scheme
Item type Books
Holdings
Withdrawn status Lost status Source of classification or shelving scheme Damaged status Not for loan Collection code Permanent location Current location Shelving location Date acquired Total Checkouts Full call number Barcode Date last seen Price effective from Koha item type
          Koleksioni i përgjithshem UBT - Lipjan UBT - Lipjan Fiction 12/27/2017   363.25 SAF 002-2994171 12/27/2017 12/27/2017 Books
UBT Library © 2015-2024. All rights reserved University Education for Business and Technology